Quizzes
Events
Quiz Creation
Community
Videos
Private Events
Remove Ads
Sign In
Join for FREE
Feedback
Dark Mode
Quiz Categories
Sports
Geography
Music
Movies
Television
Just For Fun
Miscellaneous
History
Literature
Language
Science
Gaming
Entertainment
Religion
Holiday
For Kids
Quiz Lab
Recent
Popular Today
Quiz Kudos Today
Editor Picks
Curator Picks
Quizzes by...
Day
Popularity
Type
Ratings
Length
Year
Community
Subscriptions
Recent Discussions
Orange Saloon
Badges
Playlists
Quests
Create
Leaderboards
Showdown
Live 5
Trivia Bingo
Activity
Puzzle Library
Sporcle Events
Private Events
Virtual Trivia
Globe League
Become a Host
Pub Owners
SporcleCon
Opinionation
Our Games
Videos
Blog
Mobile Apps
Partnerships
Remove Ads and Go Orange
Feedback
Religion
Mythology
Religious Music
World Religions
Bible
Christianity
Catholicism
Judaism
Church
Scripture
Islam
Verse
Religion
Mythology
Religious Music
World Religions
Bible
Christianity
Catholicism
Judaism
Church
Scripture
Islam
Verse
Random Quiz
Search Sporcle
×
Curator Pick
Curator Pick
Religion
Bible
Type in answers that appear in a list
Type in answers that appear in a list
Classic
Best Score? Go Orange.
Bible Trivia-Solomon Stats
Can you name the Bible Trivia-Solomon?
By
bworden_99
3m
20 Questions
467 Plays
467 Plays
467 Plays
Comments
Comments
Give Quiz Kudos
Give Quiz Kudos
-
- Ratings
hide this ad
Replay
Link that replays current quiz
Next Quiz
Link to next quiz in quiz playlist
You Got
0%
They Got
Avg Score
52%
Avg Friend Score
Upgrade to see
Score Distribution
Jump to the score distribution portion of the page
Score
0/20
Timer
03:00
0
Plays Today
Questions
Answers
% Correct
Who was the father of Solomon?
David
95.9%
What position was Solomon given in Israel?
king
91.4%
What did Solomon threaten to split between the two women?
child
90.4%
What did Solomon want his readers to get out of the book from question 16?
wisdom
88.9%
What did Solomon pray to the Lord for during his reign?
wisdom
88.7%
What did Solomon prepare to build in Israel?
temple
87.8%
What did Solomon have many of that turned away from the Lord?
wives
64.2%
What did Solomon say should be placed in the most holy place?
ark of the covenant
61.2%
What book of the Bible does Solomon share his wisdom?
Proverbs
59.7%
What queen had questions for Solomon about the Lord?
Queen of Sheba
55.7%
Questions
Answers
% Correct
What book of the Bible is based on songs and poetry by Solomon?
Song of Solomon
55.2%
What country did Solomon get the lumber for the building?
Lebanon
47.3%
How long did Solomon reign in Israel?
40 years
39.2%
Who was Solomon's son that reigned after his death?
Rehoboam
33.2%
When does his love come to the door?
night
17.8%
Who did Solomon make building plans with from Tyre?
Hiram
17.3%
What two types of flowers does Solomon refer to his love as?
roses and lilies
17.3%
Who was Solomon's servant that rebelled against him?
Jeroboam
16.7%
What two types of animals did Solomon and Israel sacrifice for the dedication?
oxen and sheep
10.3%
What Edomite was an enemy of Solomon during his life?
Hadad
3.9%
Quiz Playlist
Details
Report
Send in Message
Add To Playlist
Classic:
Type in answers that appear in a list
Last Updated: Feb 16, 2017
Curator Pick in
Bible
Quiz Scoreboard
CHALLENGE
Sign Up to Join the Scoreboard
Show All
Scores
Hide
Comments
May contain spoilers
Recently Published
An Introduction to Baseball
by treessimontrees
Sports
5m
Movies - When Are They Set?
by FPL_Elf
Movies
5m
Popular People in 1961
by mucciniale
History
6m
More to Explore
Quiz From the Vault
Featured Blog Post
Where Did the Easter Bunny Come From?
hide this ad
You Might Also Like...
Tags
Bible Quiz
David
Israel
King
Old Testament
temple
Wisdom
Today's Top Quizzes in Religion
Browse Religion
hide this ad
Today's Top Quizzes in Bible
Browse Bible
Top Contributed Quizzes in Religion
1
5-to-1: Children of Gods
2
5-to-1: European Churches
3
10 to 1: Islam
4
Order Up: Seven Last Words of Christ
5
One Thing in Common: Mythology
6
Religion Who Wants To Be A Millionaire
7
10 to 1: Protestantism
8
One Thing in Common: Mythology II
9
Prime Time: Religion
10
10 to 1: Norse Religion
Explore More
Trending Topics
Harry Potter
NBA
Disney
Kpop
Marvel
Crossword
Anime
WWE
Soccer
The Office
Puzzle
Pokémon
Country
Song
NFL
hide this ad
More By:
bworden_99
Quiz
Plays
Rating
Category
Featured
Created
WWE- Finish the Name! 1
9,124
3.98
Entertainment
Mar 29, 2011
Intelligence (IQ) Test
6,646
1.63
Just For Fun
Oct 8, 2010
WWE Word Ladder
4,829
2.30
Entertainment
Mar 11, 2011
MLB HOF Players-One Team Careers
4,105
4.13
Sports
Nov 1, 2010
WWE- Finish the Name! 3
2,243
3.75
Entertainment
Apr 1, 2011
Go to Creator's Profile
Score Distribution
Quiz Creator Spotlight
bworden_99
Follow
Send a Message
Quizzes Created
-
Created Quiz Play Count
-
More By This Creator
Popular Quizzes Today
1
Find the Countries of Europe - No Outlines Minefield
2
Find the US States - No Outlines Minefield
3
The Countries of the World
4
Popular People in 1961
5
Find the US States
6
US States
7
1-10 Letter E Words III
8
Risky Map Clicking: Biggest States A-Z
More Religion Quizzes
Unlikely Ancestors of Jesus
Editor's Pick
Trending Quizzes
Risky Map Clicking: Least Populous States A-Z
1-10 Letter F Words
1-10 Letter G Words
Not Quite an Element Typing Challenge
One Thing in Common: United Kingdom
Recently Updated
Leaping Animals
pecheneg
Reality TV Shows (A-Z)
bhenderson79
Rickey Henderson's Hall of Fame Teammates
pecheneg
Champions League XIs: Arsenal
pecheneg
Quick Pick: Celebrities in WWE's Hall of Fame
aduchscher
A-Z Keypad Blitz II
pecheneg
Multiple Oscar Actors
pecheneg
Mystery Phrase Blitz: Oscar 'Best Actors'
pecheneg
F. Scott Fitzgerald Novels
LTH
Pick 3 Villains
ddd62291
Trending Topics
Marvel
Harry Potter
Disney
Anime
NBA
Crossword
Kpop
The Office
Country
Soccer
NFL
Puzzle
Pokémon
Song
WWE
Your Account Isn't Verified!
In order to create a playlist on Sporcle, you need to verify the email address you used during registration. Go to your
Sporcle Settings
to finish the process.
Report this User
Report this user for behavior that violates our
Community Guidelines
.
Details:
Send Report
Go to the Sporcle.com Mobile Site →
Comments